Т. 283 : Теплоэнергетика; Известия Томского политехнического института [Известия ТПИ]

Podrobná bibliografie
Parent link:Известия Томского политехнического института [Известия ТПИ]/ Томский политехнический институт (ТПИ). Т. 283 : Теплоэнергетика.— , 1944-1976
Shrnutí:Посвящается 50-летию кафедры "Теплоэнергетические установки" ТПИ и памяти ее создателя - заслуженного деятеля науки и техники РСФСР, профессора, доктора технических наук Иннокентия Николаевича Бутакова.
Jazyk:ruština
Vydáno: Изд-во Томского ун-та, 1974
Témata:
Médium: MixedMaterials Kniha
KOHA link:https://koha.lib.tpu.ru/cgi-bin/koha/opac-detail.pl?biblionumber=238890

MARC

LEADER 00000nam2a2200000 4500
001 238890
005 20231031205239.0
035 |a (RuTPU)RU\TPU\book\260100 
035 |a RU\TPU\book\260063 
090 |a 238890 
100 |a 20130531d1974 k y0rusy50 ca 
101 0 |a rus 
102 |a RU 
105 |a a z 000zy 
200 0 |a Т. 283 : Теплоэнергетика 
210 |c Изд-во Томского ун-та  |d 1974 
215 |a 102 с.  |c рис., граф., схемы, табл., черт. 
300 |a Посвящается 50-летию кафедры "Теплоэнергетические установки" ТПИ и памяти ее создателя - заслуженного деятеля науки и техники РСФСР, профессора, доктора технических наук Иннокентия Николаевича Бутакова. 
461 1 |0 (RuTPU)RU\TPU\book\200995  |t Известия Томского политехнического института [Известия ТПИ]  |f Томский политехнический институт (ТПИ)  |v Т. 283 : Теплоэнергетика  |d 1944-1976 
601 0 2 |a Томский политехнический институт (ТПИ)  |c (1944-1991)  |2 stltpush  |3 (RuTPU)RU\TPU\col\1123 
610 1 |a научные исследования 
610 1 |a теплоэнергетика 
610 1 |a паротурбинные циклы 
610 1 |a паротурбинные установки 
610 1 |a деградация 
610 1 |a адиабатическое фазообразование 
610 1 |a теплосети 
610 1 |a подпиточная вода 
610 1 |a подогрев 
610 1 |a турбоустановки 
610 1 |a котельные агрегаты 
610 1 |a уголь 
610 1 |a зола 
610 1 |a древесина 
610 1 |a сушка 
610 1 |a торцовое трещинообразование 
610 1 |a функции 
610 1 |a вещественные корни 
610 1 |a промышленная автоматика 
610 1 |a регуляторы 
610 1 |a настройка 
610 1 |a вычислительные машины 
610 1 |a пиломатериалы 
610 1 |a усушка 
610 1 |a трещины 
610 1 |a снег 
610 1 |a таяние 
610 1 |a установки 
610 1 |a труды учёных ТПУ 
675 |a 62  |v 3 
801 1 |a RU  |b 63413507  |c 20090209  |g PSBO 
801 2 |a RU  |b 63413507  |c 20210519  |g PSBO 
942 |c BK